00411nam a2200133Ia 4500008004100000041000800041082002000049100003800069245009300107260003200200300000800232502002000240999001700260230128s9999 xx 000 0 und d aeng aKAS PR0440bKAS aKashyap Sheena - 2K910659118912 aA Study on The Talent Management Process Framework & Designing A Competency Based Manual c2011bPune UniversityaPune a82p cKulkarni Mihika c97210d97210